Reflejos vitales y movimientos conscientes /
Guardado en:
| Autor Corporativo: | |
|---|---|
| Formato: | |
| Series: | El cuerpo humano
|
| Materias: | |
| Etiquetas: |
Agregar Etiqueta
Sin Etiquetas, Sea el primero en etiquetar este registro!
|
| LEADER | 01018ngm a22002775g 4500 | ||
|---|---|---|---|
| 001 | CEM.cems022074 | ||
| 008 | 130507b1994##################0###0#####d | ||
| 005 | 20241003152730.0 | ||
| 245 | 1 | 0 | |a Reflejos vitales y movimientos conscientes / |c Transtel. |
| 300 | |a 27'. | ||
| 490 | 0 | |a El cuerpo humano | |
| 500 | |a En soporte VHS, consultar en ventanilla. | ||
| 505 | 0 | |a Los movimientos en relación a los impulsos conscientes. La tensión en los músculos. Formación del arco reflejo. La médula espinal. Interrupción de la transmisión nerviosa. | |
| 538 | |a Soporte: VHS - Norma: Pal N - Color - Grabación DRD 1994 - Hitachi=4100 | ||
| 110 | 2 | |a Transtel. | |
| 082 | 6 | 1 | |. 8/TRA |
| 653 | |a ANATOMIA | ||
| 653 | |a FISIOLOGIA | ||
| 653 | |a REFLEJOS VITALES | ||
| 653 | |a MUSCULOS | ||
| 653 | |a ARCO REFLEJO | ||
| 653 | |a MEDULA ESPINAL | ||
| 653 | |a TENSION MUSCULAR | ||
| 653 | |a MOVIMIENTOS CONSCIENTES | ||
| 653 | |a NIVEL SECUNDARIO | ||
| 859 | |a CEMS |b BIB. CEMS - Depto. Recursos Didacticos |h 611.8 |i TRA |k DRD |p 717.12 |t Ej.1 | ||
